IFM Opac

Industrial Marketing (Record no. 22217)

MARC details
000 -LEADER
fixed length control field 00298nam a22001217a 4500
020 ## - INTERNATIONAL STANDARD BOOK NUMBER
ISBN 978-0-19-567794-2
082 ## - DEWEY DECIMAL CLASSIFICATION NUMBER
Classification number 658.804
100 ## - MAIN ENTRY--AUTHOR NAME
Personal name Ghosh, P. K.
245 ## - TITLE STATEMENT
Title Industrial Marketing
260 ## - PUBLICATION, DISTRIBUTION, ETC. (IMPRINT)
Place of publication New Delhi:
Name of publisher Oxford University Press,
Year of publication 2006
300 ## - PHYSICAL DESCRIPTION
Number of Pages xvi, 568p.: ill.; 28cm
942 ## - ADDED ENTRY ELEMENTS (KOHA)
Koha item type Books
Holdings
Withdrawn status Lost status Damaged status Not for loan Collection code Permanent Location Current Location Shelving location Date acquired Source of acquisition Full call number Price effective from Koha item type
        Non-fiction IFM Main Campus Library IFM Main Campus Library Work Room processing 01/26/2026 Purchased 658.804 GHO 01/26/2026 Books